Building Windows 95. Applications with Cisual Basic 4 /

Salvato in:
Dettagli Bibliografici
Autore principale: Walnum, Clayton (Autore)
Natura: Libro
Lingua:inglese
Pubblicazione: Indianopolis, 1995
Edizione:1. Edition
Tags: Aggiungi Tag
Nessun Tag, puoi essere il primo ad aggiungerne!!

MARC

LEADER 00000nam a22000003a 4500
001 stu33107
005 20150617225655.5
008 980123s1995----xxu-----------------eng-d
020 |a 0-7897-0209-6 
040 |a STU  |b slo 
041 0 |a eng 
044 |a xxu 
080 |a 681.3.066Visual Basic 
100 1 |a Walnum, Clayton  |4 aut 
245 1 |a Building Windows 95. Applications with Cisual Basic 4 /  |c [aut.] Walnum,Clayton 
250 |a 1. Edition 
260 |a Indianopolis,  |c 1995 
300 |a 382 s  |c CD-ROM 
996 |b 284J014367  |c J*93380  |l JJSK  |s A  |a 24  |w stu33107_0001